000 00533nam a2200217Ia 4500
003 OSt
005 20220928142224.0
006 a|||||r|||| 00| 0
007 ta
008 220927b |||||||| |||| 00| 0 eng d
024 _a18729
037 _cTextual
040 _aSDCL
_cSDCL
_beng
041 _2eng
_aeng
082 _aD6522, L0
100 _aTodd Carl David
_9502955
245 0 _aZener and avalanche diodes.
260 _c1970
942 _hD6522, L0
_cTEXL
_2CC
999 _c820953
_d820953